[Event "Niedersachsen-ch op B"]
[Site "Verden"]
[Date "2019.01.06"]
[Round "7"]
[White "Haerig, Wolfram"]
[Black "Rausch, Darius"]
[Result "0-1"]
[WhiteElo "1686"]
[BlackElo "1816"]
[PlyCount "58"]
[EventDate "2019.01.03"]
[EventType "swiss"]
[EventRounds "7"]
[EventCountry "GER"]
[SourceTitle "EXT 2022"]
[Source "ChessBase"]
[SourceDate "2021.10.06"]
[SourceVersion "1"]
[SourceVersionDate "2021.10.06"]
[SourceQuality "1"]

1. e4 c5 2. Nf3 d6 3. d4 cxd4 4. Nxd4 Nf6 5. Nc3 g6 6. Bg5 Bg7 7. f4 Nc6 8. Nb3 0-0 9. Bd3 Bd7 10. Qf3 Rc8 11. h3 a6 12. 0-0-0 Nb4 13. Kb1 Nxd3 14. Qxd3 b5 15. g4 Bc6 16. Rhe1 Re8 17. Rd2 Bb7 18. Red1 Rxc3 19. bxc3 Nxe4 20. Nd4 Nxd2+ 21. Rxd2 Bd5 22. Nxb5 Bxa2+ 23. Kxa2 Qa5+ 24. Na3 Bxc3 25. Rd1 Rb8 26. Rb1 Rxb1 27. Kxb1 Qxa3 28. Qxg6+ hxg6 29. Bxe7 Qb2# 0-1

[Event "Niedersachsen-ch op B"]
[Site "Verden"]
[Date "2019.01.04"]
[Round "4"]
[White "Toepsch, Arne"]
[Black "Haerig, Wolfram"]
[Result "0-1"]
[WhiteElo "1333"]
[BlackElo "1686"]
[PlyCount "138"]
[EventDate "2019.01.03"]
[EventType "swiss"]
[EventRounds "7"]
[EventCountry "GER"]
[SourceTitle "EXT 2022"]
[Source "ChessBase"]
[SourceDate "2021.10.06"]
[SourceVersion "1"]
[SourceVersionDate "2021.10.06"]
[SourceQuality "1"]

1. e4 e5 2. Nf3 Nc6 3. Bc4 Bc5 4. c3 Nf6 5. d4 exd4 6. cxd4 Bb4+ 7. Bd2 Bxd2+ 8. Nbxd2 d5 9. exd5 Nxd5 10. Qb3 Na5 11. Qa4+ c6 12. Bd3 Nf4 13. Bf1 b5 14. Qa3 Qe7+ 15. Qxe7+ Kxe7 16. Ne5 f6 17. Nd3 Ne6 18. Nf3 Rd8 19. 0-0-0 Nxd4 20. Nde1 Nxf3 21. Nxf3 Rxd1+ 22. Kxd1 Bg4 23. Be2 Rd8+ 24. Kc2 Bxf3 25. Bxf3 Nc4 26. b3 Ne5 27. Re1 Kf7 28. Be4 h6 29. f4 Ng6 30. Bxg6+ Kxg6 31. Re7 a5 32. Ra7 Rd4 33. g3 a4 34. Kc3 axb3 35. axb3 c5 36. Rc7 b4+ 37. Kc2 Rd5 38. g4 h5 39. gxh5+ Rxh5 40. Kd3 Rh3+ 41. Kc4 Rc3+ 42. Kb5 Rxb3 43. Rxc5 Rb1 44. f5+ Kg5 45. Rc7 Kh6 46. Ka4 b3 47. Ka3 b2 48. Rc2 Rf1 49. Kxb2 Rxf5 50. Kc3 Rd5 51. Kc4 Rd7 52. Rg2 g5 53. Rg4 Kh5 54. Re4 f5 55. Re8 f4 56. h3 Kh4 57. Rh8+ Kg3 58. h4 gxh4 59. Rg8+ Kf3 60. Rh8 Kg4 61. Rg8+ Kf5 62. Rf8+ Ke4 63. Re8+ Kf3 64. Rh8 Ke2 65. Rxh4 f3 66. Re4+ Kf1 67. Re8 f2 68. Kc3 Rg7 69. Kd2 Kg1 0-1

[Event "Leipzig VfB op 25th"]
[Site "Leipzig"]
[Date "2018.03.24"]
[Round "8"]
[White "Engelmann, Uwe"]
[Black "Haerig, Wolfram"]
[Result "1-0"]
[WhiteElo "1925"]
[BlackElo "1745"]
[PlyCount "111"]
[EventDate "2018.03.20"]
[EventType "swiss"]
[EventRounds "9"]
[EventCountry "GER"]
[SourceTitle "CBM 183 Extra"]
[Source "ChessBase"]
[SourceDate "2018.04.19"]
[SourceVersion "1"]
[SourceVersionDate "2018.04.19"]
[SourceQuality "1"]

1. e4 e5 2. Nc3 Nf6 3. f4 d6 4. Nf3 Nc6 5. Bb5 Bd7 6. 0-0 exf4 7. d4 Be7 8. Bxf4 0-0 9. a3 a6 10. Bd3 Bg4 11. Be3 Re8 12. Qe1 Bf8 13. Qg3 Bh5 14. d5 Ne5 15. Bd4 Qe7 16. Nh4 Bg6 17. Rf2 Qd7 18. Nxg6 hxg6 19. h3 Be7 20. b4 Nh5 21. Qe3 Bh4 22. Rff1 Qe7 23. Qd2 Ng3 24. Rfb1 Qf6 25. Ne2 g5 26. Kh2 Nxe2 27. Bxe2 Qf4+ 28. Qxf4 gxf4 29. Rf1 Bg3+ 30. Kg1 g5 31. a4 b6 32. Ra3 f6 33. Rfa1 Kg7 34. Rc3 Re7 35. Bxe5 fxe5 36. Kf1 Kf6 37. a5 b5 38. Rc6 Ra7 39. c4 Re8 40. cxb5 axb5 41. a6 Rb8 42. Ra5 Rb6 43. Rxb6 cxb6 44. Ra1 Ke7 45. Bxb5 g4 46. hxg4 Bh4 47. Ke2 Kf7 48. Rh1 Bf6 49. Kf3 Kg7 50. Rc1 Bd8 51. Rc8 Bc7 52. g5 Kf7 53. Kg4 Ke7 54. Kf5 Kf7 55. Be8+ Kg7 56. b5 1-0

[Event "Leipzig VfB op 25th"]
[Site "Leipzig"]
[Date "2018.03.22"]
[Round "5"]
[White "Haerig, Wolfram"]
[Black "Weigert, Wilhelm"]
[Result "1-0"]
[WhiteElo "1745"]
[BlackElo "1952"]
[PlyCount "55"]
[EventDate "2018.03.20"]
[EventType "swiss"]
[EventRounds "9"]
[EventCountry "GER"]
[SourceTitle "CBM 183 Extra"]
[Source "ChessBase"]
[SourceDate "2018.04.19"]
[SourceVersion "1"]
[SourceVersionDate "2018.04.19"]
[SourceQuality "1"]

1. e4 d6 2. d4 Nf6 3. Nc3 g6 4. Bc4 Bg7 5. Nf3 0-0 6. 0-0 Nc6 7. Bg5 Bg4 8. Be2 h6 9. Be3 e5 10. d5 Ne7 11. Qd2 Kh7 12. h3 Bd7 13. Rfd1 b5 14. b4 a5 15. a3 Qb8 16. Qd3 axb4 17. axb4 Qb7 18. Nd2 c6 19. dxc6 Bxc6 20. Qxd6 Rfd8 21. Qc5 Nf5 22. Rxa8 Rxa8 23. exf5 Bf8 24. fxg6+ fxg6 25. Qxe5 Bg7 26. Qg3 Ra3 27. Ndb1 Ra8 28. Bd3 1-0

[Event "Leipzig VfB op 25th"]
[Site "Leipzig"]
[Date "2018.03.22"]
[Round "4"]
[White "Haufe, Laurin"]
[Black "Haerig, Wolfram"]
[Result "1/2-1/2"]
[WhiteElo "1703"]
[BlackElo "1745"]
[PlyCount "140"]
[EventDate "2018.03.20"]
[EventType "swiss"]
[EventRounds "9"]
[EventCountry "GER"]
[SourceTitle "CBM 183 Extra"]
[Source "ChessBase"]
[SourceDate "2018.04.19"]
[SourceVersion "1"]
[SourceVersionDate "2018.04.19"]
[SourceQuality "1"]

1. e4 e5 2. Nf3 Nc6 3. d4 d5 4. exd5 Qxd5 5. dxe5 Qxd1+ 6. Kxd1 Bg4 7. Bf4 0-0-0+ 8. Nbd2 Bxf3+ 9. gxf3 Nge7 10. Bh3+ Kb8 11. Re1 Ng6 12. Bg3 Bb4 13. c3 Bc5 14. b4 Bb6 15. Bf5 Nge7 16. Be4 Nd5 17. Bxd5 Rxd5 18. Kc2 a5 19. a3 axb4 20. axb4 Rhd8 21. Nc4 Ba7 22. Rad1 Kc8 23. Rxd5 Rxd5 24. Rd1 Rxd1 25. Kxd1 b5 26. Na3 Nd8 27. Nxb5 Bb6 28. c4 c6 29. Nd6+ Kd7 30. c5 Bc7 31. Kd2 Ke6 32. Kd3 Kd5 33. f4 f6 34. exf6 gxf6 35. Nc4 f5 36. Ne3+ Ke6 37. Nc2 Kd5 38. Nd4 Ne6 39. Nxf5 Nxf4+ 40. Bxf4 Bxf4 41. Ne7+ Ke6 42. Nxc6 Bxh2 43. Nd4+ Kd5 44. Nb3 h5 45. Nd2 Bf4 46. Nf3 Bc1 47. Ng1 h4 48. Nh3 Ba3 49. Kc3 Bc1 50. f4 Be3 51. Kd3 Bd4 52. Ng5 Bf6 53. Ke3 Bc3 54. b5 Bd4+ 55. Kd3 Bxc5 56. f5 Be7 57. Nf3 Kc5 58. Ke4 Kxb5 59. Kd5 Kb6 60. Ke6 Bd8 61. Kd6 h3 62. Kd7 Bf6 63. Kd6 Kb5 64. Kd5 Kb6 65. Ke4 Kc5 66. Kf4 Kd5 67. Kg4 Ke4 68. Nd2+ Ke3 69. Nf3 Kf2 70. Kxh3 Kxf3 1/2-1/2

[Event "Leipzig VfB op 25th"]
[Site "Leipzig"]
[Date "2018.03.21"]
[Round "2"]
[White "Riedel, Bert"]
[Black "Haerig, Wolfram"]
[Result "0-1"]
[WhiteElo "1879"]
[BlackElo "1745"]
[PlyCount "56"]
[EventDate "2018.03.20"]
[EventType "swiss"]
[EventRounds "9"]
[EventCountry "GER"]
[SourceTitle "CBM 183 Extra"]
[Source "ChessBase"]
[SourceDate "2018.04.19"]
[SourceVersion "1"]
[SourceVersionDate "2018.04.19"]
[SourceQuality "1"]

1. d4 d5 2. Bf4 e6 3. e3 Nf6 4. Nd2 Be7 5. Bd3 b6 6. h3 Bb7 7. Ngf3 Nbd7 8. 0-0 c5 9. c3 0-0 10. Qe2 Ne4 11. Rad1 Ndf6 12. Ne5 Rc8 13. f3 Nxd2 14. Rxd2 Nd7 15. Bb1 Bf6 16. Ng4 Re8 17. Nxf6+ Nxf6 18. dxc5 Rxc5 19. e4 e5 20. Be3 Ra5 21. Rfd1 Qc8 22. exd5 Bxd5 23. Qf2 Bb7 24. Qh4 e4 25. Bg5 Qc5+ 26. Kh2 Qxg5 27. Qxg5 Rxg5 28. f4 Rd5 0-1

[Event "Leipzig VfB op 25th"]
[Site "Leipzig"]
[Date "2018.03.20"]
[Round "1"]
[White "Haerig, Wolfram"]
[Black "Noack, Thomas"]
[Result "0-1"]
[WhiteElo "1745"]
[BlackElo "2015"]
[PlyCount "88"]
[EventDate "2018.03.20"]
[EventType "swiss"]
[EventRounds "9"]
[EventCountry "GER"]
[SourceTitle "CBM 183 Extra"]
[Source "ChessBase"]
[SourceDate "2018.04.19"]
[SourceVersion "1"]
[SourceVersionDate "2018.04.19"]
[SourceQuality "1"]

1. e4 e5 2. Nf3 Nc6 3. Bb5 Nf6 4. 0-0 Nxe4 5. Qe2 Nd6 6. Bxc6 dxc6 7. Qxe5+ Qe7 8. d4 Qxe5 9. dxe5 Nf5 10. Nc3 h6 11. Ne4 Be6 12. Bf4 0-0-0 13. Rad1 b6 14. b3 c5 15. Rxd8+ Kxd8 16. Rd1+ Kc8 17. c4 g5 18. Bg3 Bg7 19. h3 Bd7 20. Nf6 Bxf6 21. exf6 Nxg3 22. fxg3 Re8 23. Re1 Rxe1+ 24. Nxe1 Bf5 25. g4 Bb1 26. a3 Kd7 27. Nf3 Ke6 28. Kf2 Be4 29. Nd2 Bc6 30. g3 Kxf6 31. Ke3 Ke5 32. a4 f5 33. gxf5 Kxf5 34. Kf2 h5 35. Kg1 Ke5 36. Kf2 Kd4 37. Ke2 h4 38. gxh4 gxh4 39. Nf3+ Bxf3+ 40. Kxf3 Kc3 41. Kg4 Kxb3 42. Kxh4 Kxc4 43. Kg4 Kd5 44. h4 Ke6 0-1

[Event "Niedersachsen-ch op B"]
[Site "Verden"]
[Date "2018.01.05"]
[Round "3"]
[White "Haerig, Wolfram"]
[Black "Hoke, Joshua Sky"]
[Result "1/2-1/2"]
[WhiteElo "1712"]
[BlackElo "1623"]
[PlyCount "54"]
[EventDate "2018.01.04"]
[EventType "swiss"]
[EventRounds "7"]
[EventCountry "GER"]
[SourceTitle "EXT 2022"]
[Source "ChessBase"]
[SourceDate "2021.10.06"]
[SourceVersion "1"]
[SourceVersionDate "2021.10.06"]
[SourceQuality "1"]

1. e4 e5 2. d4 exd4 3. c3 dxc3 4. Bc4 d6 5. Nf3 Ne7 6. Nxc3 Nbc6 7. 0-0 Ng6 8. Ng5 Nge5 9. Qd5 Qe7 10. Bb3 h6 11. f4 hxg5 12. fxe5 Be6 13. exd6 Qxd6 14. Qxd6 Bxd6 15. Bxe6 fxe6 16. Bxg5 Bxh2+ 17. Kf2 Be5 18. Rac1 Rh5 19. Rh1 Rxh1 20. Rxh1 Kf7 21. Ke3 Rf8 22. Rf1+ Ke8 23. Rd1 a6 24. Na4 Rf7 25. Nc5 Bxb2 26. Nxe6 Rd7 27. Rb1 Be5 1/2-1/2

[Event "Niedersachsen-ch op B"]
[Site "Verden"]
[Date "2018.01.04"]
[Round "2"]
[White "Scheidt, Mike Niklas"]
[Black "Haerig, Wolfram"]
[Result "1/2-1/2"]
[WhiteElo "1603"]
[BlackElo "1712"]
[PlyCount "57"]
[EventDate "2018.01.04"]
[EventType "swiss"]
[EventRounds "7"]
[EventCountry "GER"]
[SourceTitle "EXT 2022"]
[Source "ChessBase"]
[SourceDate "2021.10.06"]
[SourceVersion "1"]
[SourceVersionDate "2021.10.06"]
[SourceQuality "1"]

1. d4 d5 2. e3 Nf6 3. f4 e6 4. Bd3 Be7 5. Nd2 0-0 6. Ngf3 Nbd7 7. 0-0 c5 8. c3 b6 9. Ne5 Bb7 10. Qf3 Rc8 11. g4 cxd4 12. exd4 Ne8 13. Qh3 g6 14. g5 Ng7 15. Qh6 Nxe5 16. dxe5 Bc5+ 17. Kh1 d4+ 18. Be4 Bxe4+ 19. Nxe4 Qd5 20. Re1 d3 21. Kg2 Rfd8 22. Kf1 Nh5 23. Qxh5 gxh5 24. Nf6+ Kg7 25. Nxd5 Rxd5 26. Bd2 Kg6 27. Re4 Kf5 28. Rae1 Rc7 29. Kg2 1/2-1/2

[Event "Lueneburg distr-ch Meister"]
[Site "Lueneburg"]
[Date "2017.10.12"]
[Round "1"]
[White "Harms, Friedjof"]
[Black "Haerig, Wolfram"]
[Result "1-0"]
[WhiteElo "1914"]
[BlackElo "1777"]
[PlyCount "39"]
[EventDate "2017.10.12"]
[EventType "swiss"]
[EventRounds "7"]
[EventCountry "GER"]
[SourceTitle "EXT 2019"]
[Source "ChessBase"]
[SourceDate "2018.10.10"]
[SourceVersion "1"]
[SourceVersionDate "2018.10.10"]
[SourceQuality "1"]

1. e4 e5 2. Bc4 Bc5 3. Nf3 Nc6 4. d3 Nf6 5. c3 0-0 6. Nbd2 d5 7. exd5 Nxd5 8. Ne4 Bb6 9. 0-0 h6 10. Re1 Re8 11. a4 Be6 12. Bb5 f6 13. a5 f5 14. axb6 fxe4 15. Rxe4 Bf5 16. Bxc6 Bxe4 17. Bxe8 Nxb6 18. Ba4 Bxd3 19. Nxe5 Bb5 20. Qb3+ 1-0

[Event "Leipzig VfB op 24th"]
[Site "Leipzig"]
[Date "2017.03.25"]
[Round "8"]
[White "Franke, Helmut"]
[Black "Haerig, Wolfram"]
[Result "0-1"]
[WhiteElo "1823"]
[BlackElo "1762"]
[PlyCount "134"]
[EventDate "2017.03.21"]
[EventType "swiss"]
[EventRounds "9"]
[EventCountry "GER"]
[SourceTitle "EXT 2018"]
[Source "ChessBase"]
[SourceDate "2017.10.13"]
[SourceVersion "1"]
[SourceVersionDate "2017.10.13"]
[SourceQuality "1"]

1. f4 d5 2. Nf3 Nc6 3. g3 Nf6 4. Bg2 Bf5 5. 0-0 e6 6. b3 Be7 7. d3 0-0 8. Bb2 Re8 9. e3 Qd7 10. Qe2 h6 11. Rd1 Rad8 12. Nbd2 Nb4 13. a3 Nxc2 14. Ra2 Qb5 15. Nf1 Qxb3 16. Bxf6 Qxa2 17. Bxe7 Rxe7 18. Nd4 Qxa3 19. Qxc2 c6 20. Nxf5 exf5 21. h3 Rde8 22. Kh2 a5 23. Rb1 a4 24. Rb2 Ra8 25. Ra2 Qb4 26. Rb2 Qd6 27. d4 a3 28. Ra2 g6 29. Qc5 Qxc5 30. dxc5 Ra5 31. h4 Rxc5 32. Rxa3 Rc2 33. Kh3 b5 34. Ra8+ Kg7 35. Rc8 Rd7 36. Rb8 Rc7 37. Rb6 Rb2 38. Rb8 b4 39. Nh2 b3 40. Nf1 h5 41. Rb6 Kf8 42. Nh2 Ke7 43. Nf3 c5 44. Ne5 Rd2 45. Rxb3 c4 46. Rc3 Kd6 47. Bf1 Kc5 48. Bxc4 dxc4 49. Rxc4+ Kb6 50. Rxc7 Kxc7 51. Nxf7 Rd3 52. Ne5 Rd6 53. Kg2 Re6 54. Kf3 Kd6 55. Nf7+ Kd5 56. Ng5 Ra6 57. Nf7 Kc4 58. Ne5+ Kc3 59. e4 Kd4 60. exf5 gxf5 61. Nf7 Ra3+ 62. Kg2 Ke3 63. Ng5 Ra2+ 64. Kh3 Kf2 65. Kh2 Ra1 66. Nh3+ Kf3 67. Ng5+ Kg4 0-1

[Event "Leipzig VfB op 24th"]
[Site "Leipzig"]
[Date "2017.03.21"]
[Round "1"]
[White "Haerig, Wolfram"]
[Black "Nguyen, Alex Dac Vuong"]
[Result "0-1"]
[WhiteElo "1762"]
[BlackElo "2098"]
[PlyCount "80"]
[EventDate "2017.03.21"]
[EventType "swiss"]
[EventRounds "9"]
[EventCountry "GER"]
[SourceTitle "EXT 2018"]
[Source "ChessBase"]
[SourceDate "2017.10.13"]
[SourceVersion "1"]
[SourceVersionDate "2017.10.13"]
[SourceQuality "1"]

1. e4 e6 2. d4 d5 3. exd5 exd5 4. Nf3 Bd6 5. Be3 c6 6. c4 Nf6 7. Nc3 0-0 8. cxd5 Nxd5 9. Nxd5 cxd5 10. Bd3 Qa5+ 11. Nd2 Bd7 12. 0-0 Bb5 13. Nf3 Nc6 14. a3 h6 15. Re1 Bxd3 16. Qxd3 b5 17. Rac1 Rac8 18. b4 Qb6 19. Ne5 Bxe5 20. dxe5 d4 21. Bf4 Ne7 22. Rcd1 Rc4 23. Re4 Nd5 24. Bd2 f5 25. exf6 Qxf6 26. f3 Kh8 27. Rde1 Qg6 28. Rxd4 Qb6 29. Ree4 Nf6 30. Rh4 Rd8 31. Be3 Rdxd4 32. Rxd4 Qe6 33. Rd8+ Ng8 34. Kf2 a6 35. g4 Qe5 36. Kg2 Rc3 37. Re8 Qxh2+ 38. Kxh2 Rxd3 39. Kg3 Rxa3 40. Ra8 Rxe3 0-1

[Event "Niedersachsen-ch op-C"]
[Site "Verden"]
[Date "2017.01.08"]
[Round "7"]
[White "Drezek, Wieslaw"]
[Black "Haerig, Wolfram"]
[Result "0-1"]
[WhiteElo "1585"]
[BlackElo "1770"]
[PlyCount "64"]
[EventDate "2017.01.05"]
[EventType "swiss"]
[EventRounds "7"]
[EventCountry "GER"]
[SourceTitle "CBM 187 Extra"]
[Source "ChessBase"]
[SourceDate "2018.11.04"]
[SourceVersion "1"]
[SourceVersionDate "2018.11.04"]
[SourceQuality "1"]

1. e4 e5 2. Nf3 Nc6 3. Bc4 Bc5 4. c3 Nf6 5. b4 Bb6 6. d3 d6 7. 0-0 Bg4 8. Be3 0-0 9. h3 Bh5 10. a4 d5 11. exd5 Nxd5 12. Bg5 Bxf3 13. Qxf3 Qxg5 14. Bxd5 a5 15. b5 Ne7 16. Bxb7 Rad8 17. Na3 Qd2 18. Nc4 Qxc3 19. Nxb6 Rxd3 20. Qh5 cxb6 21. Be4 g6 22. Qg5 Rd7 23. Rfc1 Qd4 24. Re1 Kg7 25. h4 f6 26. Qg3 h5 27. Qf3 Rfd8 28. Qg3 Rd6 29. Bf3 Nf5 30. Qh2 Qxh4 31. g3 Qxh2+ 32. Kxh2 Nd4 0-1

[Event "Niedersachsen-ch op-C"]
[Site "Verden"]
[Date "2017.01.07"]
[Round "5"]
[White "Meijerink, Inken"]
[Black "Haerig, Wolfram"]
[Result "1/2-1/2"]
[WhiteElo "1381"]
[BlackElo "1770"]
[PlyCount "101"]
[EventDate "2017.01.05"]
[EventType "swiss"]
[EventRounds "7"]
[EventCountry "GER"]
[SourceTitle "CBM 187 Extra"]
[Source "ChessBase"]
[SourceDate "2018.11.04"]
[SourceVersion "1"]
[SourceVersionDate "2018.11.04"]
[SourceQuality "1"]

1. e4 e5 2. Nf3 Nc6 3. Bc4 Bc5 4. 0-0 Nf6 5. d4 Bxd4 6. Nxd4 Nxd4 7. f4 d6 8. fxe5 dxe5 9. Bg5 Be6 10. Bxe6 Nxe6 11. Qxd8+ Rxd8 12. Bxf6 gxf6 13. Nc3 c6 14. Rxf6 Ke7 15. Raf1 Rdf8 16. R6f5 f6 17. R5f2 Rhg8 18. Rd2 Rg4 19. h3 Rg6 20. Rfd1 Nd4 21. Kh1 Rd8 22. Ne2 Ne6 23. Rxd8 Nxd8 24. Nc3 Ne6 25. Rd2 Rg3 26. Kh2 Re3 27. Re2 Rxe2 28. Nxe2 Kd6 29. Kg3 Ng5 30. Nc3 Kc5 31. h4 Ne6 32. Ne2 Kc4 33. Kf3 Kc5 34. Ke3 Kd6 35. c3 b6 36. Ng3 Nf4 37. Nf5+ Ke6 38. g3 Ng6 39. Kd3 Ne7 40. Nxe7 Kxe7 41. g4 h6 42. Ke3 Kd6 43. Kd2 Kc5 44. Kd3 a5 45. b3 b5 46. a3 Kb6 47. b4 axb4 48. axb4 c5 49. Ke3 Kc6 50. Kf3 Kd6 51. Ke3 1/2-1/2

[Event "Niedersachsen-ch op-C"]
[Site "Verden"]
[Date "2017.01.06"]
[Round "4"]
[White "Homann, Christoph"]
[Black "Haerig, Wolfram"]
[Result "1/2-1/2"]
[WhiteElo "1798"]
[BlackElo "1770"]
[PlyCount "47"]
[EventDate "2017.01.05"]
[EventType "swiss"]
[EventRounds "7"]
[EventCountry "GER"]
[SourceTitle "CBM 187 Extra"]
[Source "ChessBase"]
[SourceDate "2018.11.04"]
[SourceVersion "1"]
[SourceVersionDate "2018.11.04"]
[SourceQuality "1"]

1. d4 d5 2. c4 e6 3. Nc3 Nf6 4. Bg5 Be7 5. cxd5 exd5 6. e3 0-0 7. Bd3 Be6 8. Nge2 Nbd7 9. f3 c5 10. 0-0 Rc8 11. Rc1 a6 12. a4 Re8 13. Bh4 Nb6 14. Bf2 Qd7 15. Nf4 cxd4 16. exd4 Bb4 17. Nfe2 Bf5 18. b3 Rc6 19. Na2 Bxd3 20. Qxd3 Bd6 21. a5 Na8 22. Rxc6 Qxc6 23. Rc1 Qd7 24. Bg3 1/2-1/2

[Event "Lueneburg distr-ch Haupt"]
[Site "Muenster"]
[Date "2016.10.13"]
[Round "2.2"]
[White "Robertson, Roberto"]
[Black "Haerig, Wolfram"]
[Result "0-1"]
[WhiteElo "1601"]
[BlackElo "1769"]
[PlyCount "87"]
[EventDate "2016.10.13"]
[EventType "swiss"]
[EventRounds "7"]
[EventCountry "GER"]
[SourceTitle "EXT 2019"]
[Source "ChessBase"]
[SourceDate "2018.10.10"]
[SourceVersion "1"]
[SourceVersionDate "2018.10.10"]
[SourceQuality "1"]

1. d4 d5 2. Nf3 Nf6 3. c4 e6 4. Nc3 Be7 5. Bg5 Nbd7 6. e3 b6 7. cxd5 exd5 8. Bb5 Bb7 9. Bxf6 Bxf6 10. Qa4 a6 11. Bd3 0-0 12. Qc2 h6 13. Qb3 c6 14. Rc1 b5 15. Bb1 Re8 16. 0-0 Rc8 17. Qc2 g6 18. b4 Bg7 19. h4 Nf6 20. Ne5 Qe7 21. a3 Rc7 22. Ba2 Rec8 23. Qb3 Ne8 24. f4 Nd6 25. e4 dxe4 26. Rce1 Qxh4 27. Qd1 Rd8 28. Nxg6 Qg3 29. f5 Qxc3 30. f6 Qxa3 31. Ne7+ Kf8 32. Qg4 Qxa2 33. Qxg7+ Ke8 34. Nf5 Kd7 35. Nxd6 Kxd6 36. Qg3+ Kd7 37. Rxe4 Kc8 38. Qg4+ Kb8 39. Rfe1 Rd5 40. Qf4 Qb3 41. Qxh6 Qxb4 42. Qe3 Qd6 43. Qf4 Qxf4 44. Rxf4 0-1

[Event "Leipzig VfB op 23rd"]
[Site "Leipzig"]
[Date "2016.03.19"]
[Round "7"]
[White "Haerig, Wolfram"]
[Black "Reimann, Hubert"]
[Result "0-1"]
[WhiteElo "1789"]
[BlackElo "1951"]
[PlyCount "102"]
[EventDate "2016.03.15"]
[EventType "swiss"]
[EventRounds "9"]
[EventCountry "GER"]
[SourceTitle "EXT 2017"]
[Source "ChessBase"]
[SourceDate "2016.10.25"]
[SourceVersion "1"]
[SourceVersionDate "2016.10.25"]
[SourceQuality "1"]

1. e4 c5 2. Nf3 d6 3. d4 cxd4 4. Nxd4 Nf6 5. Nc3 a6 6. Bg5 e6 7. Bd3 Be7 8. f4 h6 9. Bh4 Nxe4 10. Bxe7 Nxc3 11. Bxd8 Nxd1 12. Rxd1 Kxd8 13. 0-0 Kc7 14. c4 Nc6 15. Nc2 Bd7 16. Rd2 Rhd8 17. Be4 f5 18. Bf3 g5 19. Re1 gxf4 20. Bxc6 bxc6 21. Nd4 e5 22. Ne2 Rg8 23. Red1 Rg6 24. Nc3 Rag8 25. Kf1 e4 26. b4 e3 27. Re2 Be6 28. Rd4 f3 29. Rxe3 fxg2+ 30. Kg1 Bd7 31. Ne2 c5 32. bxc5 dxc5 33. Rd5 Bc6 34. Rxf5 Rd8 35. Nc3 Rgd6 36. Nd5+ Bxd5 37. cxd5 Rxd5 38. Rf7+ R8d7 39. Rxd7+ Kxd7 40. Ra3 Rd6 41. Kxg2 Ke6 42. Kf3 Kd5 43. Rd3+ Kc6 44. Ra3 Kb5 45. Ke3 c4 46. Rc3 Kb4 47. Rc2 c3 48. Ke2 Kc4 49. Ke3 Re6+ 50. Kf4 Kd3 51. Rg2 c2 0-1

[Event "Leipzig VfB op 23rd"]
[Site "Leipzig"]
[Date "2016.03.19"]
[Round "8"]
[White "Roemgens, Marcel"]
[Black "Haerig, Wolfram"]
[Result "0-1"]
[WhiteElo "1669"]
[BlackElo "1789"]
[PlyCount "58"]
[EventDate "2016.03.15"]
[EventType "swiss"]
[EventRounds "9"]
[EventCountry "GER"]
[SourceTitle "EXT 2017"]
[Source "ChessBase"]
[SourceDate "2016.10.25"]
[SourceVersion "1"]
[SourceVersionDate "2016.10.25"]
[SourceQuality "1"]

1. d4 d5 2. Nf3 Nc6 3. Bf4 e6 4. e3 Nf6 5. c3 Bd6 6. Bg3 0-0 7. Bd3 b6 8. Nbd2 Bb7 9. Ne5 Ne7 10. h4 c5 11. h5 h6 12. Bf4 cxd4 13. exd4 Bxe5 14. Bxe5 Ne4 15. Qg4 f6 16. Qxe6+ Kh8 17. Bxe4 dxe4 18. Bf4 Nd5 19. Qf5 Bc8 20. Qxe4 Re8 21. Be5 fxe5 22. dxe5 Qc7 23. Nf3 Bb7 24. Qg6 Nf4 25. Qg3 Rxe5+ 26. Nxe5 Qxe5+ 27. Kf1 Ba6+ 28. Kg1 Ne2+ 29. Kh2 Nxg3 0-1

[Event "Leipzig VfB op 23rd"]
[Site "Leipzig"]
[Date "2016.03.17"]
[Round "4"]
[White "Haerig, Wolfram"]
[Black "Wetterling, Manfred"]
[Result "1-0"]
[WhiteElo "1789"]
[BlackElo "1670"]
[PlyCount "37"]
[EventDate "2016.03.15"]
[EventType "swiss"]
[EventRounds "9"]
[EventCountry "GER"]
[SourceTitle "EXT 2017"]
[Source "ChessBase"]
[SourceDate "2016.10.25"]
[SourceVersion "1"]
[SourceVersionDate "2016.10.25"]
[SourceQuality "1"]

1. e4 c5 2. Nf3 e6 3. d4 cxd4 4. Nxd4 Nf6 5. Nc3 Nc6 6. Bg5 Bb4 7. Ndb5 0-0 8. f4 d6 9. Qd3 a6 10. Nd4 Nxd4 11. Qxd4 Bc5 12. Qd3 Qb6 13. Bxf6 Bf2+ 14. Ke2 gxf6 15. Rd1 e5 16. Nd5 Bg4+ 17. Kd2 Qd4 18. Qxd4 Bxd4 19. Nxf6+ 1-0

[Event "Niedersachsen-ch op-B"]
[Site "Verden"]
[Date "2016.01.03"]
[Round "1"]
[White "Haerig, Wolfram"]
[Black "Henke, Wolfgang"]
[Result "1-0"]
[WhiteElo "1795"]
[BlackElo "1741"]
[PlyCount "113"]
[EventDate "2016.01.03"]
[EventType "swiss"]
[EventRounds "7"]
[EventCountry "GER"]
[SourceTitle "EXT 2018"]
[Source "ChessBase"]
[SourceDate "2017.10.13"]
[SourceVersion "1"]
[SourceVersionDate "2017.10.13"]
[SourceQuality "1"]

1. e4 e5 2. Nf3 Nc6 3. Bb5 a6 4. Bxc6 dxc6 5. 0-0 Bd6 6. d3 Nf6 7. Bg5 0-0 8. c3 c5 9. Nbd2 b5 10. Qc2 h6 11. Bh4 Re8 12. h3 c6 13. Rfd1 Ra7 14. Rac1 Re6 15. Nf1 Qe8 16. Ne3 Bf8 17. c4 Nd7 18. Nf5 g6 19. Ne3 f6 20. Qe2 b4 21. Bg3 Bg7 22. Nh4 Nf8 23. b3 Rd6 24. Rc2 a5 25. a4 Be6 26. Nf1 Rad7 27. f4 Bf7 28. Qe3 Ne6 29. f5 Nd4 30. Rb2 g5 31. Nf3 Bh5 32. N1h2 Qd8 33. Bf2 Bxf3 34. gxf3 h5 35. Kg2 Bh6 36. Rh1 Qf8 37. Qe1 Rg7 38. Be3 Kh7 39. Qd2 Rg8 40. Kf2 Qg7 41. Rg1 Qf8 42. h4 Rd7 43. hxg5 Bxg5 44. Bxg5 Qg7 45. Ng4 fxg5 46. f6 Qf8 47. Nxe5 Rd6 48. f7 Rg7 49. Rxg5 Rh6 50. Rxg7+ Qxg7 51. Qf4 Rf6 52. Qg3 Qxg3+ 53. Kxg3 Kg7 54. f4 Rh6 55. f5 Rh8 56. Ng6 h4+ 57. Kh3 1-0

[Event "Lueneburg distr-ch Meister"]
[Site "Tostedt"]
[Date "2015.10.23"]
[Round "3.8"]
[White "Haerig, Wolfram"]
[Black "Von Estorff, Jacob"]
[Result "0-1"]
[WhiteElo "1804"]
[BlackElo "1838"]
[PlyCount "114"]
[EventDate "2015.10.22"]
[EventType "swiss"]
[EventRounds "7"]
[EventCountry "GER"]
[SourceTitle "EXT 2019"]
[Source "ChessBase"]
[SourceDate "2018.10.10"]
[SourceVersion "1"]
[SourceVersionDate "2018.10.10"]
[SourceQuality "1"]

1. e4 c5 2. Nf3 Nc6 3. d4 cxd4 4. Nxd4 g6 5. Nc3 Bg7 6. Be3 d6 7. Bc4 Nf6 8. Bb3 Ng4 9. Qd2 Nxe3 10. fxe3 a6 11. Rf1 0-0 12. 0-0-0 Qb6 13. Nd5 Qd8 14. Qf2 Na5 15. Qh4 Nxb3+ 16. Nxb3 Re8 17. Rf2 Be6 18. Rdf1 Rc8 19. Nd4 Bxd5 20. exd5 Bf6 21. Qf4 Qa5 22. Kb1 Qxd5 23. g4 Rf8 24. Rf3 Bg7 25. Nb3 Qe5 26. Qxe5 Bxe5 27. h3 e6 28. c3 f5 29. g5 Bg7 30. Nd4 Bxd4 31. cxd4 Rc4 32. b3 Rc3 33. Kb2 Rfc8 34. R1f2 b5 35. a3 a5 36. Rd2 a4 37. bxa4 bxa4 38. Ka2 Rc2+ 39. Rxc2 Rxc2+ 40. Kb1 Rg2 41. h4 h6 42. gxh6 Kh7 43. Rf4 Re2 44. d5 exd5 45. Rxa4 Rxe3 46. Kc2 Kxh6 47. Ra8 Kh5 48. a4 f4 49. Kd2 Kxh4 50. a5 g5 51. a6 Re7 52. a7 Kg3 53. Rg8 Rxa7 54. Rxg5+ Kf3 55. Rxd5 Ra6 56. Ke1 Ke3 57. Re5+ dxe5 0-1